00370nam a2200145Ia 4500003000400000005001700004008004100021040000900062082002000071100002500091245004300116260003600159300000900195650002000204OSt20201215161208.0190216s9999||||xx |||||||||||||| ||und|| coclc a894.8124bPIL/V aPillai, P K Narayana 0aVinjana Ranjini /cP K Narayana Pillai bNbs Kottayam,aKottayam:c1947. a155p aEssay Malayalam